=LDR 00000nam 2200000 4500 =001 INLIS000000000005074 =005 20210624111058 =035 ##$$a 0010-061300000005074 =008 210624################g##########0#ind## =041 ##$$a Ind =082 ##$$a 340.021 =090 ##$$a 340.021, Sup p =100 1#$$a SUPRANTO, J =245 1#$$a Pengantar statistik bidang hukum /$c J. Supranto =260 ##$$a Jakarta :$b Rineka cipta,$c 1995 =300 ##$$a ix, 281 hlm : $b ilus ; $c 21x14 cm =650 #4$$a Hukum =650 #4$$a Statistik =850 ##$$a NBPNMAT =020 ##$$a 979-518-419-3 =084 ##$$a 340.021 SUP p =250 ##$$a cet.1 =990 ##$$a 84.883/pro-95 =990 ##$$a 84.884/Pro.95 =990 ##$$a 104.872/Pro.96 =990 ##$$a 104.873/Pro.96 =990 ##$$a 107.624/pb-97 =990 ##$$a 107.625/Pb.97 =990 ##$$a 119.142/Pro.97 =990 ##$$a 00089883 =990 ##$$a 00089878